| 000 | 00403nam a2200145Ia 4500 | ||
|---|---|---|---|
| 008 | 230312s9999||||xx |||||||||||||| ||und|| | ||
| 082 |
_aFIRE WORK _bLOW-F |
||
| 100 | _aLowery Joseph W. | ||
| 245 | 0 | _aFireworks 3 Bible | |
| 260 |
_bIDG Books India _aIndia _c2000 |
||
| 300 | _a895 | ||
| 546 | _aEng. | ||
| 650 |
_aComputer _vWelcome to Fireworks , Understanding interface , Mastering tools |
||
| 942 | _cBK | ||
| 999 |
_c2876 _d2876 |
||